000 01476nam a22003737a 4500
003 CHAP
005 20220329133958.0
008 971013s1986 r 00010 d
010 _a13531
011 _a14503
035 _a18577
040 _cCHAP
082 _a581.5
_bI8
100 0 0 _aIsla de Bauer, María de Lourdes de la.
_960567
245 _aContaminación
_b: una amenaza para la vegetación en México
260 _aChapingo, Méx. :
_bColegio de Postgraduados,
_c1986
300 _a84 p.
_b: ilus.
590 _aBATCH-UPD
_b10
_c20130110
_lUCH01
_h0028
590 _aBATCH-UPD
_b10
_c20130110
_lUCH01
_h1228
590 _aBATCH-UPD
_b10
_c20130409
_lUCH01
_h2010
590 _aBATCH-UPD
_b10
_c20130410
_lUCH01
_h0759
590 _aBATCH-UPD
_b10
_c20130914
_lUCH01
_h1611
590 _aCONVERSION
_b10
_c20130109
_lUCH01
_h1309
650 1 4 _aAire
_xContaminacion
_xEfecto en plantas.
_93144
700 0 _aHernández Tejeda, Tomás.
_954659
901 _aBK
942 _cLIBRO
949 _a581.5 I8
_bBC
_cLIBRO
_d33724000545638
_eLIBRO
_fc.3
_h87055
_i18577
_mD
_si
949 _a581.5 I8
_bBC
_cLIBRO
_d33724000545646
_eLIBRO
_fc.5
_h87057
_i18577
_mD
_si
949 _a581.5 I8
_bBC
_cLIBRO
_d33724000545653
_eLIBRO
_fc.2
_h87054
_i18577
_mD
_si
949 _a581.5 I8
_bBC
_cLIBRO
_d33724000545661
_eLIBRO
_gI.c/e
_h74285
_i18577
_si
_t5.00
949 _a581.5 I8
_bBC
_cLIBRO
_d33724000545679
_eLIBRO
_fc.4
_h87056
_i18577
_mD
_si
949 _a581.5 I8
_bBC
_cUACH
_d-43320
_eUACH
_fc.6
_h87058
_i18577
_mD
_si
999 _c13531
_d13531